One piece quiz saga Guerre au sommet - Statistiques

Statistiques générales
  • Ce quiz a été pris 137 fois
  • Le résultat moyen est 10 sur 15
Statistiques - réponses
Question Réponse % Correct
Qui met fin à la guerre au sommet ? Shanks
94%
Quel est le premier Homme que Luffy trouve dans la prison ? Baggy
83%
Quel est l'inconvénient du fruit du poison ? Il va tout le temps au toilette
81%
Grace à qui Ace a pu être libéré de ses menottes ? Mr 3
79%
Comment s'appelle le père de saint Charlos ? Saint Roswald
77%
Quelle est le/la supernova que Teach a capturé ? Bonney
74%
Que représente la marque dans le dos de Hancock ? Les griffes d'un dragon volant
68%
Combien de boulet de canon reçu Barbe blanche ? 46
66%
Comment s'appelle le commandent de la cinquième flotte ? Vista
66%
Quelle sont les 4 supernova affrontent Kizaru ? Apoo, Urouge, Drake, Hawkins
62%
Comment est "mort" Sabo ? Tué par un dragon céleste
62%
Quels sont les hommes qui sont aller chercher un navire de la marine ? Baggy, Mr 1 , Crocodile, Jinbe
55%
De combien est la prime de Capone Bege ? 138 millions
49%
Comment s'appelle le faux Sanji ? Drip
43%
Comment s'appelle le père de Sabo ? Outlook III
30%
Aucun quiz correspondant
Distribution des résultats
% des personnes avec chaque résultat
Percentile par nombre de réponses
Votre historique - résultats
Vous n’avez pas pris ce quiz